000 00518nam a2200229Ia 4500
003 OSt
005 20220912144340.0
006 a|||||r|||| 00| 0
007 ta
008 220909b |||||||| |||| 00| 0 eng d
020 _aSL0939148
024 _a194379
037 _cTextual
040 _aCSL
_beng
_cCSL
041 _aeng
082 _aG:5, M0;4
100 _asmith
245 0 _aecology and field biology
700 _asmith
942 _hG:5, M0;4
_cTEXL
_2CC
999 _c5722
_d5722